[Event "FRA-chT2 0405"]
[Site "France"]
[Date "2005.01.09"]
[Round "6.6"]
[White "Belenfant, Eric"]
[Black "Thorel, Pierre"]
[Result "1-0"]
[WhiteElo "2012"]
[BlackElo "1670"]
[PlyCount "31"]
[EventDate "2004.10.10"]
[EventType "team"]
[EventRounds "11"]
[EventCountry "FRA"]
[SourceTitle "EXT 2006"]
[Source "ChessBase"]
[SourceDate "2005.11.24"]
[SourceVersion "1"]
[SourceVersionDate "2005.11.24"]
[SourceQuality "1"]

1. d4 f5 2. Nc3 d5 3. Bg5 h6 4. Bf4 c6 5. e4 g6 6. exd5 cxd5 7. Nf3 Bg7 8. Qe2 g5 9. Bxb8 Rxb8 10. Ne5 Nf6 11. Ng6 Rg8 12. 0-0-0 Ne4 13. Nxe4 dxe4 14. Qh5 Qb6 15. Bc4 e6 16. Ne5+ 1-0

[Event "Bethune op-B 25th"]
[Site "Bethune"]
[Date "2004.12.28"]
[Round "4"]
[White "Thorel, Pierre"]
[Black "Delannoy, Frederic"]
[Result "0-1"]
[WhiteElo "1430"]
[BlackElo "1760"]
[PlyCount "27"]
[EventDate "2004.12.26"]
[EventType "swiss"]
[EventRounds "7"]
[EventCountry "FRA"]
[SourceTitle "EXT 2006"]
[Source "ChessBase"]
[SourceDate "2005.11.24"]
[SourceVersion "1"]
[SourceVersionDate "2005.11.24"]
[SourceQuality "1"]

1. e4 d5 2. exd5 Nf6 3. d4 Bg4 4. f3 Bf5 5. c4 e6 6. dxe6 Nc6 7. exf7+ Kxf7 8. Bd3 Bb4+ 9. Nc3 Re8+ 10. Nge2 Bxd3 11. Qxd3 Nxd4 12. Kf1 Nxe2 13. Qxd8 Raxd8 14. Nxe2 0-1